书目信息 |
| 题名: |
精神镜像,或,知识地图
|
|
| 作者: | 科林伍德 , Collingwood 著 ;赵志义 , 朱宁嘉 译 | |
| 分册: | ||
| 出版信息: | 桂林 广西师范大学出版社 2006 |
|
| 页数: | 330页 | |
| 开本: | 21cm | |
| 丛书名: | 不列颠智慧 | |
| 单 册: | ||
| 中图分类: | B561.59 | |
| 科图分类: | ||
| 主题词: | 哲学思想--研究--英国--现代 , 哲学思想 | |
| 电子资源: | ||
| ISBN: | 7-5633-5966-4 | |
| 000 | 01279oam2 2200313 450 | |
| 001 | 012007298905 | |
| 005 | 20070517092743.76 | |
| 010 | @a7-5633-5966-4@dCNY22.00 | |
| 100 | @a20070512d2006 km y0chiy0120 ea | |
| 101 | 1 | @achi@ceng |
| 102 | @aCN@b450000 | |
| 105 | @ay z 000yy | |
| 106 | @ar | |
| 200 | 1 | @a精神镜像,或,知识地图@Ajing shen jing xiang,huo,zhi shi di tu@f(英)R. G. 柯林伍德著@F(ying)R.G.ke lin wu de zhu@eor the map of knowledge@g赵志义,朱宁嘉译@Gzhao zhi yi,zhu ning jia yi@zeng |
| 210 | @a桂林@c广西师范大学出版社@d2006 | |
| 215 | @a330页@d21cm | |
| 225 | 2 | @a不列颠智慧@i柯林伍德系列 |
| 330 | @a书是20世纪上半叶英国著名哲学家柯林伍德的一部早期代表作。作者在书中对艺术、宗教、科学、历史、哲学等精神领域及其相互关系进行了探索,勾勒出一幅知识地图,借以传达其哲学思想的核心理念。 | |
| 461 | 0 | @12001 @a不列颠智慧 |
| 510 | 1 | @aSpeculum mentis@eor the map of knowledge@zeng |
| 606 | 0 | @a哲学思想@x研究@y英国@z现代 |
| 606 | 0 | @a哲学思想 |
| 690 | @aB561.59@v4 | |
| 701 | 1 | @c(英)@a科林伍德@Ake lin wu de@bR.G@f(1889~1943)@4著 |
| 701 | 1 | @c(英)@aCollingwood@bRobin George@f(1889~1943)@4著 |
| 702 | 0 | @a赵志义@Azhao zhi yi@c(哲学)@4译 |
| 702 | 0 | @a朱宁嘉@Azhu ning jia@c(哲学)@4译 |
| 801 | 0 | @aCN@bRULIN@c20070517 |
| 905 | @dB561.59@e33@s5 | |
| 精神镜像,或,知识地图/(英)R. G. 柯林伍德著:or the map of knowledge/赵志义,朱宁嘉译.-桂林:广西师范大学出版社,2006 |
| 330页;21cm.-(不列颠智慧.柯林伍德系列) |
| ISBN 7-5633-5966-4:CNY22.00 |
| 书是20世纪上半叶英国著名哲学家柯林伍德的一部早期代表作。作者在书中对艺术、宗教、科学、历史、哲学等精神领域及其相互关系进行了探索,勾勒出一幅知识地图,借以传达其哲学思想的核心理念。 |
| ● |
| 相关链接 |
|
|
|
|
正题名:精神镜像,或,知识地图
索取号:B561.59/33
 
预约/预借
| 序号 | 登录号 | 条形码 | 馆藏地/架位号 | 状态 | 备注 |
| 1 | 0573276 | 205732769 | 第一样本阅览室/ [索取号:B561.59/33] | 在馆 | |
| 2 | 0573277 | 205732778 | 第一借阅区/ [索取号:B561.59/33] | 在馆 | |
| 3 | 0573278 | 205732787 | 第一借阅区/ [索取号:B561.59/33] | 在馆 | |
| 4 | 0573279 | 205732796 | 第一借阅区/ [索取号:B561.59/33] | 在馆 | |
| 5 | 0573280 | 205732803 | 第一借阅区/ [索取号:B561.59/33] | 在馆 |